• 首页
  • 本馆介绍
  • 公告通知
  • 最新文献
  • 馆藏检索
  • 电子资源
  • 读者导购
  • 参考咨询
  • 我的图书馆
  • 登录
  • 详细信息显示
  • 放入我的书架
  • 预约/预借图书
  • 作者相关作品
  • 分类相关作品
  • 丛书相关作品
  • 出版社相关作品

书目信息

  • 表格格式
  • 工作单格式
  • 卡片格式
题名:
全息生物学研究
    
 
作者: 张颖清 主编
分册: 1985.10  
出版信息: 济南   山东大学出版社  1985
页数: 146页
开本: 26cm
丛书名:
单 册:
中图分类: Q-1
科图分类:
主题词: 生物学--现状 , 生物学--概况
电子资源:
ISBN:
000 00668nam0 2200253 45
001 0185010930
005 20040701110344.5
010    @dCNY2.00
091    @a13338.6
100    @a19900903d1985 em y0chiy0121 ea
101 0  @achi
102    @aCN@b370000
105    @ay z 000yy
106    @ar
200 10 @a全息生物学研究@h1985.10@Aquan xi sheng wu xue yan jiu@f张颖清主编
210    @a济南@c山东大学出版社@d1985
215    @a146页@d26cm
606 0  @a生物学@x现状
606 0  @a生物学@x概况
690    @aQ-1
701  0 @a张颖清@Azhang ying qing@4主编
801  0 @aCN@b深圳图书馆@c20040701
801  2 @aCN@bNLC@c20040701
905    @f1@b240510@dQ-1@e25:(1985)
    
    全息生物学研究.1985.10/张颖清主编.-济南:山东大学出版社,1985
    146页;26cm
    
    
    ISBN :CNY2.00
    
●
相关链接 在E读中查询图书 在五车中查询图书 在当当中查询图书 在豆瓣中查询图书


正题名:全息生物学研究     索取号:Q-1/25:(1985)         预约/预借

序号 登录号 条形码 馆藏地/架位号 状态 备注
1 0240510   001944980   第二样本阅览室/ [索取号:Q-1/25:(1985)] 在馆    
唐山师范学院图书馆 欢迎您!
大连网信软件有限公司© 版权所有